000 00367nam a2200145 i 4500
001 bg
100 1 _aLAMMEL, Leszek
245 0 _aSygnaƂy pneumatyczne w automatyce /
_cLeszek Lammel, Andrzej Osiadacz.
260 _aWarszawa,
_c1974.
700 1 _aOSIADACZ, Andrzej
040 _cBPK
041 _apol
942 _cKS
008 s pl f |000 0 pol
999 _c26221
_d26221
856 _uhttp://koha.tu.koszalin.pl/cgi-bin/koha/opac-detail.pl?biblionumber=26221
_yKatalog online BPK